The Antiques Book (Record no. 5149)

MARC details
000 -CABECERA
campo de control de longitud fija 00961nam a2200241 a 4500
001 - NÚMERO DE CONTROL
campo de control BRCA_5455
005 - FECHA Y HORA DE LA ÚLTIMA TRANSACCIÓN
campo de control 20190320205103.0
008 - DATOS DE LONGITUD FIJA--INFORMACIÓN GENERAL
campo de control de longitud fija 221210s1950----nyua###f##---#000-0#eng-#
041 ## - CÓDIGO DE LENGUA
Código de lengua del texto/banda sonora o título independiente eng
044 ## - CÓDIGO DEL PAÍS DE LA ENTIDAD EDITORA/PRODUCTORA
Código MARC del país nyu
084 ## - OTRO NÚMERO DE CLASIFICACIÓN
Número de clasificación NK1125
Número de documento/Ítem .A68 1950
245 10 - MENCIÓN DE TÍTULO
Título The Antiques Book
Resto del título Outstanding, Authoritative Articles on Ceramics, Forniture, Glass, Silver, Pewter, Architecture, Prints and other collecting interests
Mención de responsabilidad, etc. edited by Alice Winchester.
260 ## - PUBLICACIÓN, DISTRIBUCIÓN, ETC.
Lugar de publicación, distribución, etc. Nueva York
Nombre del editor, distribuidor, etc. Bonanza Books
Fecha de publicación, distribución, etc. 1950
300 ## - DESCRIPCIÓN FÍSICA
Extensión 319 p.
Otras características físicas il
Dimensiones 29 cm.
500 ## - NOTA GENERAL
Nota general Donación Dr. Héctor Rivero Borrell Vázquez
500 ## - NOTA GENERAL
Nota general Ésta edición se encuentra en el Área de Investigación
500 ## - NOTA GENERAL
Nota general La biblioteca cuenta con un 2do. ejemplar perteneciente al Fondo General Franz Mayer (P139)
650 14 - PUNTO DE ACCESO ADICIONAL DE MATERIA--TÉRMINO DE MATERIA
Término de materia o nombre geográfico como elemento de entrada Arte
Subdivisión general Coleccionistas y colecciones
9 (RLIN) 7445
650 14 - PUNTO DE ACCESO ADICIONAL DE MATERIA--TÉRMINO DE MATERIA
Término de materia o nombre geográfico como elemento de entrada Artes aplicadas
Subdivisión general Antigüedades
9 (RLIN) 13936
700 1# - PUNTO DE ACCESO ADICIONAL--NOMBRE DE PERSONA
Nombre de persona Winchester, Alice
Término indicativo de función/relación Editora
9 (RLIN) 13937
902 ## - CATALOGADOR
Iniciales DHR
942 ## - ELEMENTOS DE PUNTO DE ACCESO ADICIONAL (KOHA)
Fuente del sistema de clasificación o colocación Library of Congress Classification
Tipo de ítem Koha Libros
Holdings
Estado de retiro Estado de pérdida Estado dañado No para préstamo Localización permanente Ubicación/localización actual Fecha de adquisición Total de préstamos Signatura topográfica completa Código de barras Fecha visto por última vez Precio válido a partir de Tipo de ítem Koha
El ejemplar forma parte de la colección y puede ser consultado según las políticas vigentes.       Biblioteca del Museo Franz Mayer (Rogerio Casas-Alatriste) Biblioteca del Museo Franz Mayer (Rogerio Casas-Alatriste) 22/12/2010   NK1125 .A68 1950 DHR00106 22/03/2019 22/03/2019 Libros